Геохимия золота: [сборник]

Bibliografiske detaljer
Institution som forfatter: Академия наук СССР (АН СССР) Дальневосточный научный центр (ДНЦ) Дальневосточный геологический институт (ДВГИ)
Andre forfattere: Моисеенко В. Г. (редактор)
Summary:Сборник подготовлен по материалам симпозиума по минералогии и геохимии золота, проведенного в 1974 г. в г. Владивостоке по инициативе Всесоюзного минералогического общества, институтов АН СССР и Министерства геологи СССР. Приведены оригинальные сведения по закономерностям распределения золота в интрузивных, эффузивных и осадочных породах, рассмотрено его поведение в процессе кристаллизации магм, при осадконакоплении и литогенезе, а также в зоне гипергенеза. Ряд статей посвящен описанию геохимических свойств золота, исследованию физико-химических условий его миграции и отложения, анализу материалов по проблеме источников золота и серебра.
Sprog:russisk
Udgivet: Владивосток, Изд-во ДВНЦ ДГИ, 1978
Fag:
Format: Bog
KOHA link:https://koha.lib.tpu.ru/cgi-bin/koha/opac-detail.pl?biblionumber=109332

MARC

LEADER 00000nam0a2200000 4500
001 109332
005 20231031120004.0
035 |a (RuTPU)RU\TPU\book\118034 
090 |a 109332 
100 |a 20070207d1978 km y0rusy50 ca 
101 0 |a rus 
102 |a RU 
105 |a a z 001zy 
200 1 |a Геохимия золота  |e [сборник]  |f Академия наук СССР (АН СССР), Дальневосточный научный центр (ДНЦ); Дальневосточный геологический институт; под ред. В. Г. Моисеенко 
210 |a Владивосток  |c Изд-во ДВНЦ ДГИ  |d 1978 
215 |a 113 с.  |c ил. 
320 |a Библиография в конце статей 
330 |a Сборник подготовлен по материалам симпозиума по минералогии и геохимии золота, проведенного в 1974 г. в г. Владивостоке по инициативе Всесоюзного минералогического общества, институтов АН СССР и Министерства геологи СССР. Приведены оригинальные сведения по закономерностям распределения золота в интрузивных, эффузивных и осадочных породах, рассмотрено его поведение в процессе кристаллизации магм, при осадконакоплении и литогенезе, а также в зоне гипергенеза. Ряд статей посвящен описанию геохимических свойств золота, исследованию физико-химических условий его миграции и отложения, анализу материалов по проблеме источников золота и серебра. 
610 1 |a геохимия 
610 1 |a золото 
610 1 |a сборники 
675 |a 553.4  |v 3 
702 1 |a Моисеенко  |b В. Г.  |4 340 
712 0 2 |a Академия наук СССР (АН СССР)  |b Дальневосточный научный центр (ДНЦ)  |b Дальневосточный геологический институт (ДВГИ)  |c (Владивосток)  |2 stltpush  |3 (RuTPU)RU\TPU\col\11563 
801 1 |a RU  |b 63413507  |c 20070207  |g PSBO 
801 2 |a RU  |b 63413507  |c 20090918  |g PSBO 
942 |c BK